| 000 | 00386pam a2200157 a 4500 | ||
|---|---|---|---|
| 020 | _c | ||
| 041 | _aeng | ||
| 082 |
_a658.1511 _bPAR |
||
| 100 | _aPardesi P.C. | ||
| 245 |
_aManagement Accountancy M.Com Sem I _hTextual Documents |
||
| 250 | _a1981. | ||
| 260 |
_a[s.l]: _bUjwal Publication. |
||
| 300 | _a186pg. | ||
| 700 |
_aGodbole V.K. _aPardesi S.K. _aKhari W.R. |
||
| 930 | _a12962 | ||
| 999 |
_c89864 _d89864 |
||